[Event "Champ FRA - Under 8"]
[Site "Europe Echecs"]
[Date "2020.07.06"]
[Round "7"]
[Time "16:47:40"]
[PlyCount "44"]
[White "MartellierAnto"]
[Black "RodriguezAntoi"]
[WhiteElo "1262"]
[BlackElo "1110"]
[Mode "WEB"]
[Result "1-0"]

1. d4 e6 2. e3 d5 3. Nf3 Nf6 4. c4 Nc6 5. Nc3 Bb4 6. cxd5 Nxd5 7. Qb3 Na5 8. Qc2
Bd7 9. a3 Bxc3+ 10. bxc3 Bc6 11. Bd2 Qd7 12. c4 Ba4 13. Qb2 Nxc4 14. Bxc4 O-O-O
15. Rb1 Qc6 16. Ne5 Qb6 17. Qxb6 Nxb6 18. Bd3 Rhf8 19. Ba5 f6 20. Nf3 Nd5 21.
Kf1 Nc3 22. Bxc3 {RodriguezAntoi a abandonné} 1-0

[Event "Champ FRA - Under 8"]
[Site "Europe Echecs"]
[Date "2020.07.06"]
[Round "7"]
[Time "16:47:40"]
[PlyCount "107"]
[White "CarnetAnaelle"]
[Black "KeyrillosGabri"]
[WhiteElo "1160"]
[BlackElo "1044"]
[Mode "WEB"]
[Result "0-1"]

1. e4 e5 2. Nf3 Nc6 3. Bc4 Be7 4. Nc3 Nf6 5. d3 d6 6. Ng5 O-O 7. Qf3 h6 8. Nxf7
Rxf7 9. Bxf7+ Kxf7 10. O-O Nd4 11. Qg3 Nh5 12. Qf3+ Nxf3+ 13. Kh1 Nd4 14. Nd5 c6
15. Ne3 Bg5 16. c3 Bxe3 17. Bxe3 Nc2 18. Rac1 Nxe3 19. fxe3+ Kg8 20. Rf2 Qg5 21.
Rcf1 Be6 22. a4 Qxe3 23. Rf3 Qe2 24. R1f2 Qd1+ 25. Rf1 Qxa4 26. h3 Qc2 27. R3f2
Qxd3 28. Rf3 Qxe4 29. R1f2 Qb1+ 30. Rf1 Qxb2 31. R1f2 Qc1+ 32. Rf1 Qd2 33. R1f2
Qe1+ 34. Rf1 Ng3+ 35. Kg1 Nxf1 36. Rxf1 Qe3+ 37. Kh1 Qxc3 38. Kg1 Rd8 39. Kh1
Rf8 40. Rg1 Qc4 41. Kh2 Qd5 42. Kh1 Bxh3 43. Kh2 Bf5 44. Kh1 Be4 45. Kh2 Rf5 46.
Kg3 Rg5+ 47. Kh4 Rxg2 48. Rf1 g5+ 49. Kh5 Rh2+ 50. Kg4 Bf5+ 51. Kg3 Rh3+ 52. Kf2
Qd2+ 53. Kg1 Qh2# {CarnetAnaelle est échec et mat} 0-1

[Event "Champ FRA - Under 8"]
[Site "Europe Echecs"]
[Date "2020.07.06"]
[Round "7"]
[Time "16:47:40"]
[PlyCount "80"]
[White "NicotValentin"]
[Black "GhesquiereLoui"]
[WhiteElo "1041"]
[BlackElo "1160"]
[Mode "WEB"]
[Result "1-0"]

1. e4 e5 2. f4 exf4 3. Nf3 Be7 4. h4 d6 5. Nc3 Bg4 6. d4 Nf6 7. Bxf4 O-O 8. Bc4
Re8 9. e5 dxe5 10. dxe5 Qxd1+ 11. Rxd1 Bxf3 12. gxf3 Nh5 13. Rd4 Nxf4 14. Rxf4
Bc5 15. Bxf7+ Kf8 16. Bxe8+ Kxe8 17. Nd5 Bb6 18. Nxb6 axb6 19. a3 c5 20. Rg1 g6
21. h5 gxh5 22. Rh1 b5 23. Rxh5 Nd7 24. Rxh7 Nxe5 25. Rh8+ Kd7 26. Rxa8 c4 27.
Ke2 Kc7 28. Rh8 Ng6 29. Rh7+ Kb6 30. Rh6 Ka7 31. Rxg6 b6 32. Rf7+ Ka6 33. Rg8 b4
34. Ra8+ Kb5 35. Rf5+ Kc6 36. axb4 b5 37. Rf6+ Kd5 38. Ra5 Kd4 39. c3+ Kd5 40.
Rxb5# {GhesquiereLoui est échec et mat} 1-0

[Event "Champ FRA - Under 8"]
[Site "Europe Echecs"]
[Date "2020.07.06"]
[Round "7"]
[Time "16:47:40"]
[PlyCount "82"]
[White "ArnouldMaxime"]
[Black "BocheNicolay"]
[WhiteElo "1450"]
[BlackElo "960"]
[Mode "WEB"]
[Result "1-0"]

1. e4 e5 2. Nf3 Nf6 3. Nxe5 Nxe4 4. Qe2 Qe7 5. Qxe4 d6 6. Nc3 dxe5 7. Nd5 Qd8 8.
Qxe5+ Be6 9. Nxc7+ Ke7 10. Nxa8 Nc6 11. Qc5+ Ke8 12. Qc3 Qxa8 13. Bb5 a6 14.
Bxc6+ bxc6 15. d3 Be7 16. Bf4 Kf8 17. O-O h6 18. Be5 f6 19. Bf4 Kg8 20. Rfe1 Kh7
21. Rxe6 Qd8 22. Qxc6 Re8 23. Qe4+ Kg8 24. Re1 Qd7 25. Rxe7 Rxe7 26. Qxe7 Qxe7
27. Rxe7 Kf8 28. Re4 Kf7 29. Ra4 a5 30. Rxa5 Kg6 31. b4 f5 32. b5 Kf6 33. b6 Ke7
34. b7 Kd7 35. b8=Q Ke6 36. Qe5+ Kf7 37. Ra6 Kg8 38. Bxh6 Kh7 39. Qxf5+ Kh8 40.
Qg6 Kg8 41. Ra8# {BocheNicolay est échec et mat} 1-0

[Event "Champ FRA - Under 8"]
[Site "Europe Echecs"]
[Date "2020.07.06"]
[Round "7"]
[Time "16:47:40"]
[PlyCount "66"]
[White "GrondinNathan"]
[Black "Schoenenberger"]
[WhiteElo "1300"]
[BlackElo "950"]
[Mode "WEB"]
[Result "1-0"]

1. e4 e5 2. Nf3 Nc6 3. d4 exd4 4. Nxd4 Bb4+ 5. c3 Nxd4 6. Qxd4 Bd6 7. Qxg7 Qf6
8. Qxf6 Nxf6 9. Bd3 Ng4 10. O-O Bc5 11. b4 Bxf2+ 12. Rxf2 Nxf2 13. Kxf2 O-O 14.
Bh6 Re8 15. Nd2 Re6 16. Be3 Rd6 17. Bc4 c6 18. Re1 b5 19. Bb3 a5 20. bxa5 Rxa5
21. c4 bxc4 22. Nxc4 Rf6+ 23. Kg1 Rh5 24. e5 Rg6 25. Nd6 Ba6 26. Rf1 Kf8 27.
Rxf7+ Kg8 28. Rxd7+ Kh8 29. e6 Re5 30. Bd4 Rgg5 31. e7 Bc8 32. e8=Q+ Rg8 33.
Bxe5# {Schoenenberger est échec et mat} 1-0

[Event "Champ FRA - Under 8"]
[Site "Europe Echecs"]
[Date "2020.07.06"]
[Round "7"]
[Time "16:47:40"]
[PlyCount "111"]
[White "KermarrecHugo"]
[Black "LauerAdam"]
[WhiteElo "950"]
[BlackElo "1290"]
[Mode "WEB"]
[Result "0-1"]

1. e4 e5 2. Qf3 Nf6 3. Bc4 Bc5 4. g4 Qe7 5. g5 Ng8 6. Nh3 c6 7. a4 f6 8. gxf6
Nxf6 9. Rg1 g6 10. Ng5 d5 11. exd5 cxd5 12. Bxd5 Nxd5 13. Qxd5 Nc6 14. d4 exd4+
15. Kf1 Bf5 16. Nf7 Rf8 17. Nh6 Bh3+ 18. Rg2 Bxg2+ 19. Qxg2 Qh4 20. Bg5 Qh5 21.
f3 Qxf3+ 22. Qxf3 Rxf3+ 23. Ke2 Rf8 24. Ng4 h5 25. Nf6+ Kf7 26. Bh6 Kxf6 27.
Bxf8 Rxf8 28. a5 Re8+ 29. Kd3 Ne5+ 30. Ke4 Ng4+ 31. Kd5 b6 32. axb6 axb6 33. c3
dxc3 34. bxc3 Nxh2 35. Nd2 Be3 36. Ne4+ Kf5 37. Nd6+ Kg4 38. Nxe8 h4 39. Rg1+
Bxg1 40. Nf6+ Kg3 41. Ne4+ Kf3 42. Nf6 h3 43. c4 Ng4 44. c5 bxc5 45. Nxg4 Kxg4
46. Ke4 h2 47. Ke5 h1=Q 48. Kf6 Qf3+ 49. Kxg6 Qf5+ 50. Kg7 Bd4+ 51. Kg8 Qd7 52.
Kf8 c4 53. Kg8 Kg5 54. Kf8 Kg6 55. Kg8 Qg7# {KermarrecHugo est échec et mat} 0-1

[Event "Champ FRA - Under 8"]
[Site "Europe Echecs"]
[Date "2020.07.06"]
[Round "7"]
[Time "16:47:40"]
[PlyCount "23"]
[White "BennaniJohan"]
[Black "AnseeuwEmma"]
[WhiteElo "940"]
[BlackElo "1228"]
[Mode "WEB"]
[Result "0-1"]

1. e4 e5 2. d4 d6 3. Nf3 Nc6 4. Nc3 Nf6 5. Bc4 Be7 6. O-O O-O 7. Bg5 h6 8. Bxf6
Bxf6 9. Re1 Bg4 10. Qe2 Nxd4 11. Rad1 Nxe2+ {BennaniJohan a abandonné} 0-1

[Event "Champ FRA - Under 8"]
[Site "Europe Echecs"]
[Date "2020.07.06"]
[Round "7"]
[Time "16:47:40"]
[PlyCount "36"]
[White "GlonTombiAmbas"]
[Black "BuchlinAdrien"]
[WhiteElo "920"]
[BlackElo "1190"]
[Mode "WEB"]
[Result "1-0"]

1. e4 e5 2. Nf3 Nc6 3. Bc4 Nf6 4. Nc3 Bc5 5. O-O d6 6. d3 Bg4 7. h3 Bh5 8. Bg5
h6 9. Bh4 Nd4 10. g4 Nxf3+ 11. Qxf3 Bg6 12. Nd5 Nxd5 13. Bxd8 Rxd8 14. Bxd5 c6
15. Bb3 a5 16. h4 b5 17. h5 Bh7 18. Qxf7# {BuchlinAdrien est échec et mat} 1-0

[Event "Champ FRA - Under 8"]
[Site "Europe Echecs"]
[Date "2020.07.06"]
[Round "7"]
[Time "16:47:40"]
[PlyCount "27"]
[White "BauerPierre"]
[Black "DaoAnna"]
[WhiteElo "1187"]
[BlackElo "799"]
[Mode "WEB"]
[Result "0-1"]

1. d4 d5 2. c3 Nc6 3. e3 Bf5 4. Bd3 Bxd3 5. Qxd3 Nf6 6. Nf3 e6 7. Bd2 Bd6 8. O-O
O-O 9. Qc2 Qd7 10. Qb3 b6 11. Na3 Ne4 12. Nb5 Na5 13. Qc2 Qxb5 {BauerPierre a abandonné} 0-1

[Event "Champ FRA - Under 8"]
[Site "Europe Echecs"]
[Date "2020.07.06"]
[Round "7"]
[Time "16:47:40"]
[PlyCount "26"]
[White "ChenLucie"]
[Black "JourdainLouis"]
[WhiteElo "900"]
[BlackElo "1170"]
[Mode "WEB"]
[Result "1-0"]

1. e4 e5 2. Nf3 Nc6 3. Bc4 Bc5 4. O-O Nf6 5. Nc3 O-O 6. d3 d6 7. Bg5 Bg4 8. Nd5
Nd4 9. Qd2 Qd7 10. Nxf6+ gxf6 11. Bxf6 Nxf3+ 12. gxf3 Bxf3 13. Qg5# {JourdainLouis est échec et mat} 1-0

[Event "Champ FRA - Under 8"]
[Site "Europe Echecs"]
[Date "2020.07.06"]
[Round "7"]
[Time "16:47:40"]
[PlyCount "45"]
[White "AlsaiedNizar"]
[Black "YuEtan"]
[WhiteElo "1120"]
[BlackElo "960"]
[Mode "WEB"]
[Result "0-1"]

1. e4 c5 2. Nf3 Nc6 3. Bc4 e5 4. O-O Be7 5. h3 Nf6 6. b3 h6 7. Ba3 d6 8. Nh4 O-O
9. Qf3 Nd4 10. c3 Nxf3+ 11. Nxf3 Nxe4 12. d3 Ng5 13. Nxg5 Bxg5 14. Nd2 Bxd2 15.
Rad1 Bxc3 16. Bc1 Qf6 17. Ba3 Qg6 18. Rc1 Bxh3 19. g3 Bxf1 20. Kxf1 Bd4 21. Bd5
Qf5 22. Bxb7 Qxf2# {AlsaiedNizar est échec et mat} 0-1

[Event "Champ FRA - Under 8"]
[Site "Europe Echecs"]
[Date "2020.07.06"]
[Round "7"]
[Time "16:47:40"]
[PlyCount "128"]
[White "LarroumetsAugu"]
[Black "MouradianIchrh"]
[WhiteElo "1090"]
[BlackElo "920"]
[Mode "WEB"]
[Result "1-0"]

1. e4 e5 2. Nf3 Nc6 3. Nc3 Bc5 4. Bc4 Nf6 5. Ng5 Bxf2+ 6. Kxf2 Ng4+ 7. Qxg4 Qf6+
8. Ke1 Nd4 9. Rf1 Nxc2+ 10. Ke2 Nd4+ 11. Ke1 d6 12. Rxf6 Bxg4 13. Rxf7 Nc2+ 14.
Kf1 Nxa1 15. Bd3 O-O-O 16. Rxg7 Rdf8+ 17. Kg1 Rf6 18. Nd5 Rff8 19. b3 Nxb3 20.
axb3 c6 21. Rc7+ Kd8 22. Ne7 Kxc7 23. h3 Be6 24. Nxe6+ Kd7 25. Nxf8+ Rxf8 26.
Nf5 d5 27. Ng3 dxe4 28. Bxe4 Rg8 29. Nf5 Rf8 30. Ng7 Rh8 31. Bb2 Kd6 32. Nf5+
Ke6 33. Ng3 Rd8 34. Nh5 Rxd2 35. Bc3 Rd1+ 36. Kh2 c5 37. Bxb7 Rd3 38. Bb2 Rxb3
39. Ba1 a5 40. Ng3 c4 41. Ne4 Kf5 42. Nd2 c3 43. Nxb3 a4 44. Nc1 e4 45. Bxc3 e3
46. Bd4 e2 47. Nxe2 a3 48. Nc3 Ke6 49. Bd5+ Kd6 50. Be4 Ke6 51. Bc5 h5 52. Bxa3
h4 53. g4 hxg3+ 54. Kxg3 Kf7 55. h4 Kg8 56. h5 Kh8 57. h6 Kg8 58. Nb5 Kh8 59.
Bb2+ Kg8 60. h7+ Kf7 61. h8=Q Ke6 62. Qe5+ Kf7 63. Nd6+ Kf8 64. Qe8# {MouradianIchrh est échec et mat} 1-0

[Event "Champ FRA - Under 8"]
[Site "Europe Echecs"]
[Date "2020.07.06"]
[Round "7"]
[Time "16:47:40"]
[PlyCount "140"]
[White "ChevillonInes"]
[Black "KhantalinIrakl"]
[WhiteElo "1060"]
[BlackElo "799"]
[Mode "WEB"]
[Result "1/2-1/2"]

1. e4 e5 2. Nf3 Nc6 3. Bc4 Bc5 4. Nc3 Nf6 5. d3 O-O 6. Bd2 d6 7. O-O Bg4 8. h3
Bxf3 9. Qxf3 Nd4 10. Qd1 a6 11. a3 b5 12. b4 bxc4 13. bxc5 dxc5 14. dxc4 h6 15.
Nd5 Nxe4 16. Be3 Ng5 17. Bxd4 exd4 18. c3 c6 19. Nf4 dxc3 20. Qxd8 Raxd8 21.
Rac1 Rd4 22. Ne2 Rxc4 23. Nxc3 Re8 24. Na2 Ra4 25. Rxc5 Rxa3 26. Nb4 a5 27. Nc2
Ra2 28. Ne3 Rb8 29. Rxc6 Rab2 30. Nc4 Rb1 31. Rxb1 Rxb1+ 32. Kh2 a4 33. Ra6 Rc1
34. Nb6 a3 35. Rxa3 Rc2 36. f3 Kh7 37. Ra7 f6 38. Nd7 Nxf3+ 39. Kg3 Ng5 40. h4
Ne4+ 41. Kf3 Nd2+ 42. Kg3 Ne4+ 43. Kh3 Rd2 44. Nf8+ Kg8 45. Ne6 Rd6 46. Nf4 g5
47. hxg5 hxg5 48. Nh5 Rd3+ 49. Kg4 Nf2+ 50. Kf5 g4 51. Kxf6 g3 52. Kf5 Nh1 53.
Ra8+ Kh7 54. Ra7+ Kh6 55. Kg4 Rd2 56. Nxg3 Nxg3 57. Kxg3 Rd3+ 58. Kf2 Rd2+ 59.
Kg3 Rd3+ 60. Kh2 Kh5 61. Ra1 Kh4 62. Rg1 Rd2 63. Kh1 Kg3 64. Re1 Rxg2 65. Re3+
Kf2 66. Rh3 Rg1+ 67. Kh2 Rg2+ 68. Kh1 Rg1+ 69. Kh2 Rg2+ 70. Kh1 {Nulle par répétition} 1/2-1/2

[Event "Champ FRA - Under 8"]
[Site "Europe Echecs"]
[Date "2020.07.06"]
[Round "7"]
[Time "16:47:40"]
[PlyCount "133"]
[White "RaykoPauline"]
[Black "DoucetPaulLoup"]
[WhiteElo "900"]
[BlackElo "1060"]
[Mode "WEB"]
[Result "0-1"]

1. e4 d5 2. exd5 Nf6 3. Nc3 Nxd5 4. Nxd5 Qxd5 5. Nf3 Nc6 6. d3 e5 7. Bg5 Bc5 8.
c3 f6 9. Bd2 O-O 10. c4 Qe6 11. g3 b6 12. g4 Qxg4 13. Be2 Qg2 14. Bf1 Qxh1 15.
Ng1 Qxg1 16. Qe2 Qxh2 17. Rc1 Qh4 18. Bc3 Bg4 19. Qd2 Rad8 20. b3 a5 21. a3 Bxa3
22. Ra1 Bc5 23. b4 axb4 24. Bb2 Ra8 25. Rxa8 Rxa8 26. Bc1 b3 27. Be2 Qxf2+ 28.
Kd1 Qg1+ 29. Qe1 Bxe2+ 30. Kxe2 Qg2+ 31. Kd1 Qf3+ 32. Qe2 Qh1+ 33. Qe1 Qh5+ 34.
Qe2 Qf5 35. Bd2 b2 36. Kc2 Ra2 37. Kb1 Bb4 38. Kxa2 Bxd2 39. Qxd2 b1=Q+ 40. Kxb1
Nd4 41. Qc3 Ne2 42. Qd2 Nd4 43. Qc3 c5 44. Qd2 Qf1+ 45. Kb2 h5 46. Kc3 Qa1+ 47.
Qb2 Ne2+ 48. Kc2 Qa4+ 49. Kb1 Nc3+ 50. Qxc3 Qb4+ 51. Kc2 Qxc3+ 52. Kxc3 h4 53.
Kd2 h3 54. Ke2 h2 55. Kf2 h1=Q 56. Ke2 g5 57. Ke3 g4 58. d4 Qf3+ 59. Kd2 cxd4
60. Kc2 Qc3+ 61. Kd1 g3 62. Ke2 Qe3+ 63. Kf1 b5 64. cxb5 f5 65. Kg2 Qf2+ 66. Kh3
Qh2# {RaykoPauline est échec et mat} 0-1

[Event "Champ FRA - Under 8"]
[Site "Europe Echecs"]
[Date "2020.07.06"]
[Round "7"]
[Time "16:47:40"]
[PlyCount "39"]
[White "RomeroAlexandr"]
[Black "PerrinJulian"]
[WhiteElo "900"]
[BlackElo "1050"]
[Mode "WEB"]
[Result "0-1"]

1. e4 e5 2. Nf3 Nc6 3. Nc3 Nf6 4. Bb5 g6 5. Bxc6 dxc6 6. O-O Bg4 7. h3 Be6 8.
Nxe5 Qd6 9. d4 c5 10. Nb5 Qb6 11. Qe2 Bg7 12. Bg5 O-O 13. d5 Bd7 14. Nxd7 Nxd7
15. Be7 Rfe8 16. Bg5 a6 17. Qg4 Ne5 18. Qe2 Qxb5 19. a3 Qxe2 {RomeroAlexandr a abandonné} 0-1

[Event "Champ FRA - Under 8"]
[Site "Europe Echecs"]
[Date "2020.07.06"]
[Round "7"]
[Time "16:47:40"]
[PlyCount "119"]
[White "MoreauBaptiste"]
[Black "NicolettiLouis"]
[WhiteElo "1020"]
[BlackElo "799"]
[Mode "WEB"]
[Result "1/2-1/2"]

1. e4 e5 2. Nf3 Nc6 3. Bc4 Bc5 4. Nxe5 Nxe5 5. d4 d6 6. dxc5 Ng4 7. f3 Ne5 8.
Be2 dxc5 9. Nc3 Be6 10. Bf4 Qxd1+ 11. Nxd1 f6 12. Nc3 g5 13. Be3 Bc4 14. Bxc5
Bxe2 15. Nxe2 b6 16. Bd4 c5 17. Bxe5 fxe5 18. O-O-O Rd8 19. Rxd8+ Kxd8 20. Rd1+
Ke7 21. Nc3 Nf6 22. Nb5 a6 23. Nc7 Rd8 24. Nxa6 g4 25. a4 gxf3 26. gxf3 Ra8 27.
Nc7 Rxa4 28. Kb1 Rd4 29. Rxd4 cxd4 30. c3 dxc3 31. bxc3 Kd7 32. Nd5 Nxd5 33.
exd5 Kd6 34. Kc2 Kxd5 35. Kd3 Kc5 36. Ke4 Kd6 37. c4 Kc5 38. Kxe5 Kxc4 39. f4 b5
40. f5 b4 41. f6 b3 42. f7 b2 43. f8=Q b1=Q 44. Qc8+ Kd3 45. Qh3+ Kd2 46. Kd4
Qb4+ 47. Ke5 Qc3+ 48. Qxc3+ Kxc3 49. h4 Kc4 50. Kf5 Kc5 51. h5 Kd6 52. Kg5 Ke6
53. Kh6 Kf7 54. Kxh7 Kf8 55. h6 Kf7 56. Kh8 Kf8 57. Kh7 Kf7 58. Kh8 Kf8 59. h7
Kf7 {Nulle par pat} 1/2-1/2

[Event "Champ FRA - Under 8"]
[Site "Europe Echecs"]
[Date "2020.07.06"]
[Round "7"]
[Time "16:47:40"]
[PlyCount "23"]
[White "DemangeSymeon"]
[Black "RoganovaJeremy"]
[WhiteElo "799"]
[BlackElo "1020"]
[Mode "WEB"]
[Result "0-1"]

1. e4 c5 2. Nf3 d6 3. d4 cxd4 4. Nxd4 Nf6 5. Nc3 g6 6. Bc4 Bg7 7. O-O O-O 8. Bg5
Nc6 9. Nxc6 bxc6 10. Bxf6 Bxf6 11. Qd4 Bxd4 {DemangeSymeon a abandonné} 0-1

[Event "Champ FRA - Under 8"]
[Site "Europe Echecs"]
[Date "2020.07.06"]
[Round "7"]
[Time "16:47:40"]
[PlyCount "76"]
[White "FeretGabriel"]
[Black "AboulasseGhita"]
[WhiteElo "799"]
[BlackElo "1008"]
[Mode "WEB"]
[Result "1-0"]

1. e4 c5 2. c4 Nc6 3. Nf3 Nf6 4. Nc3 g6 5. d3 Bg7 6. Bf4 O-O 7. g3 d6 8. Bg2 Bg4
9. O-O Qc7 10. Nd5 Nxd5 11. cxd5 Nd4 12. b3 Nxf3+ 13. Bxf3 Bxf3 14. Qxf3 Bxa1
15. Rxa1 Qb6 16. Bc1 Qb4 17. Qe3 Qc3 18. Rb1 Qc2 19. Rb2 Qd1+ 20. Kg2 Qg4 21.
Kg1 Qh5 22. Rb1 Qe5 23. Bb2 Qh5 24. Qd2 b6 25. Qc3 f6 26. Re1 e5 27. a3 Rab8 28.
b4 cxb4 29. axb4 Rbc8 30. Qb3 Rfe8 31. b5 Qh6 32. Qb4 Re7 33. Qxd6 Rcc7 34. Qxf6
Qd2 35. Rb1 Rc2 36. Ba3 Rc3 37. Bxe7 Rc2 38. Qf8# {AboulasseGhita est échec et mat} 1-0

[Event "Champ FRA - Under 8"]
[Site "Europe Echecs"]
[Date "2020.07.06"]
[Round "7"]
[Time "16:47:40"]
[PlyCount "72"]
[White "SinivassaneNil"]
[Black "ReissOscar"]
[WhiteElo "980"]
[BlackElo "799"]
[Mode "WEB"]
[Result "1-0"]

1. e4 c5 2. c3 d6 3. Bc4 Nf6 4. Qb3 Nc6 5. Bxf7+ Kd7 6. Be6+ Ke8 7. Bxc8 Qxc8 8.
Nf3 Qc7 9. O-O e6 10. h3 Be7 11. d3 d5 12. exd5 exd5 13. Bg5 c4 14. dxc4 Na5 15.
Qa4+ Kf8 16. Bxf6 Bxf6 17. Nbd2 dxc4 18. b4 b5 19. Qa3 Nc6 20. Rfe1 a5 21. bxa5+
Kg8 22. Ne4 Rxa5 23. Qc1 b4 24. Rb1 bxc3 25. Nxc3 Bxc3 26. Qxc3 Na7 27. Re8+ Kf7
28. Rxh8 Nb5 29. Qe3 c3 30. Re8 c2 31. Rc1 Na3 32. Re7+ Kf6 33. Rxc7 Nb1 34.
Qb6+ Kf5 35. Qxa5+ Kf4 36. Rc4# {ReissOscar est échec et mat} 1-0

[Event "Champ FRA - Under 8"]
[Site "Europe Echecs"]
[Date "2020.07.06"]
[Round "7"]
[Time "16:47:40"]
[PlyCount "112"]
[White "LeoniMathis"]
[Black "GrederPaul"]
[WhiteElo "799"]
[BlackElo "1220"]
[Mode "WEB"]
[Result "1-0"]

1. e4 e6 2. Nc3 f6 3. d4 g6 4. f4 h6 5. g4 d6 6. h4 c6 7. b4 b6 8. a4 a6 9. Na2
a5 10. b5 c5 11. dxc5 dxc5 12. Qxd8+ Kxd8 13. Bd3 e5 14. f5 g5 15. h5 Ne7 16.
Nf3 Nd7 17. O-O Bb7 18. Nc3 Bg7 19. Bb2 Rc8 20. Rac1 Re8 21. Bc4 Bd5 22. Bxd5
Nxd5 23. Nxd5 Rc7 24. Nxc7 Nb8 25. Ne6+ Kc8 26. Nxg7 Rg8 27. Ne6 Re8 28. Rfd1
Re7 29. Rd2 Rc7 30. Rd8+ Kb7 31. Nxc7 Kxc7 32. Rh8 Nd7 33. Rxh6 c4 34. Nd2 c3
35. Bxc3 Nc5 36. Rxf6 Nxa4 37. Rf7+ Kd6 38. Rf6+ Kc5 39. Bxe5 Nb2 40. Bxb2 a4
41. h6 Kxb5 42. h7 Kb4 43. Rxb6+ Kc5 44. h8=Q Kxb6 45. Nc4+ Kb5 46. Qc8 Kb4 47.
Ba3+ Kc3 48. Nb2+ Kd2 49. Rd1+ Ke2 50. Qc4+ Kf3 51. Qf1+ Kxg4 52. Rd2 Kh4 53.
Qf3 g4 54. Rh2+ Kg5 55. Rg2 Kh4 56. Qxg4# {GrederPaul est échec et mat} 1-0

[Event "Champ FRA - Under 8"]
[Site "Europe Echecs"]
[Date "2020.07.06"]
[Round "7"]
[Time "16:47:40"]
[PlyCount "92"]
[White "GriffonLoris"]
[Black "TellierArthur"]
[WhiteElo "1200"]
[BlackElo "800"]
[Mode "WEB"]
[Result "1-0"]

1. e4 e5 2. Nf3 Nc6 3. d4 exd4 4. Nxd4 Bb4+ 5. c3 Nxd4 6. Qxd4 Bd6 7. g3 Nf6 8.
Bg2 O-O 9. O-O c5 10. Qc4 Qb6 11. Re1 Bc7 12. e5 Ne8 13. Be3 Nd6 14. exd6 Bxd6
15. Rd1 Be5 16. Bf4 Bxf4 17. gxf4 d6 18. Na3 Be6 19. Qd3 c4 20. Nxc4 Qd8 21.
Nxd6 Qb6 22. b3 Bg4 23. Rd2 Rfd8 24. h3 Bd7 25. Bf3 Rac8 26. Bd1 Re8 27. Bc2 Re5
28. fxe5 Bxh3 29. Qxh3 Rc5 30. b4 Rc7 31. Qxh7+ Kf8 32. Qh8+ Ke7 33. Nf5+ Ke6
34. Qh7 g6 35. Qg7 a5 36. Rd6+ Qxd6 37. exd6 Rxc3 38. Qxc3 axb4 39. Qxb4 gxf5
40. Bxf5+ Kxf5 41. d7 Kf6 42. d8=Q+ Kg6 43. Qf4 Kg7 44. Qe8 f6 45. Rd1 b5 46.
Rd7# {TellierArthur est échec et mat} 1-0

[Event "Champ FRA - Under 8"]
[Site "Europe Echecs"]
[Date "2020.07.06"]
[Round "7"]
[Time "16:47:40"]
[PlyCount "75"]
[White "DebbicheAmir"]
[Black "JarryEliot"]
[WhiteElo "1110"]
[BlackElo "890"]
[Mode "WEB"]
[Result "0-1"]

1. c4 e5 2. Nc3 Nf6 3. d3 Bc5 4. e4 O-O 5. Be2 d6 6. Nf3 Be6 7. O-O Nc6 8. b3
Nd4 9. Bb2 Nxe2+ 10. Nxe2 Bg4 11. a3 Bxf3 12. gxf3 Nd7 13. Kg2 Qg5+ 14. Ng3 Nf6
15. Rg1 Nh5 16. Kf1 Nxg3+ 17. hxg3 h6 18. b4 Bb6 19. c5 dxc5 20. bxc5 Bxc5 21.
Ke1 Qh5 22. g4 Qh2 23. Rf1 Be3 24. fxe3 Qxb2 25. Rf2 Qc3+ 26. Rd2 Rfd8 27. Ke2
Rd7 28. f4 exf4 29. exf4 Rad8 30. Rc1 Qf6 31. e5 Qh4 32. Rc3 Qh2+ 33. Ke1 Qxf4
34. Qc2 Qg3+ 35. Kd1 Qg1+ 36. Ke2 Qg2+ 37. Kd1 Qf1# {DebbicheAmir est échec et mat} 0-1

[Event "Champ FRA - Under 8"]
[Site "Europe Echecs"]
[Date "2020.07.06"]
[Round "7"]
[Time "16:47:40"]
[PlyCount "76"]
[White "GanbatTushig"]
[Black "DoucetJeanGabr"]
[WhiteElo "799"]
[BlackElo "1100"]
[Mode "WEB"]
[Result "1-0"]

1. e4 e5 2. Nf3 Nc6 3. Bc4 Bc5 4. c3 Nf6 5. d3 d6 6. h3 Be6 7. Bxe6 fxe6 8. O-O
O-O 9. Bg5 h6 10. Bxf6 Qxf6 11. a3 Rae8 12. b4 Bb6 13. a4 a5 14. b5 Na7 15. Nbd2
Re7 16. Qc2 Rff7 17. Rfe1 Kf8 18. d4 d5 19. dxe5 Qg6 20. Rac1 Bc5 21. exd5 exd5
22. Qxg6 Rf6 23. exf6 gxf6 24. Qxf6+ Rf7 25. Qxh6+ Rg7 26. Ne5 Kg8 27. Ndf3 Rh7
28. Qxh7+ Kxh7 29. Nd7 Ba3 30. Rcd1 Be7 31. Rxe7+ Kg8 32. Rde1 Nc8 33. Re8+ Kf7
34. Rxc8 Kg7 35. Rxc7 Kh7 36. Nde5+ Kh8 37. Ng6+ Kg8 38. Re8# {DoucetJeanGabr est échec et mat} 1-0

[Event "Champ FRA - Under 8"]
[Site "Europe Echecs"]
[Date "2020.07.06"]
[Round "7"]
[Time "16:47:40"]
[PlyCount "94"]
[White "SchluppLea"]
[Black "MougenotSacha"]
[WhiteElo "960"]
[BlackElo "799"]
[Mode "WEB"]
[Result "1-0"]

1. e4 d5 2. Nc3 Nf6 3. Bd3 Bg4 4. Nf3 Qd6 5. Nb5 Qb6 6. Nc3 Qb4 7. a3 Qb6 8.
Nxd5 Nxd5 9. exd5 Qd6 10. Bc4 Bd7 11. d3 a6 12. Bd2 Bb5 13. Qc1 Nd7 14. Bf4 Qf6
15. Bg5 Qf5 16. Bf4 O-O-O 17. Nd4 Qg4 18. h3 Qg6 19. O-O Nc5 20. b4 Na4 21. Re1
Qf6 22. Be5 Qg5 23. Bf4 Qh4 24. Bg3 Qxd4 25. Be5 Qb6 26. Bxb5 Qxb5 27. c4 Qb6
28. Bd4 Qg6 29. Ra2 Qxd3 30. Rd1 Qe4 31. f3 Qf5 32. Re1 Qh5 33. Re5 Qg6 34. Rg5
Qd3 35. Rd2 Qb3 36. Rb2 Nxb2 37. Bxb2 Qa4 38. Re5 f6 39. Re3 Qd7 40. Rd3 c6 41.
b5 axb5 42. cxb5 Qf5 43. Rd2 e6 44. dxc6 bxc6 45. Qxc6+ Kb8 46. Qb6+ Ka8 47.
Rxd8# {MougenotSacha est échec et mat} 1-0

[Event "Champ FRA - Under 8"]
[Site "Europe Echecs"]
[Date "2020.07.06"]
[Round "7"]
[Time "16:47:40"]
[PlyCount "183"]
[White "BronnyTitien"]
[Black "StoyanovVictor"]
[WhiteElo "1270"]
[BlackElo "799"]
[Mode "WEB"]
[Result "1/2-1/2"]

1. e4 e5 2. Nf3 f5 3. d3 fxe4 4. dxe4 Nf6 5. Nc3 Nc6 6. Bc4 Bc5 7. O-O d6 8. Bb5
Be6 9. Bxc6+ bxc6 10. Bg5 Bb4 11. Na4 Rb8 12. c3 Bc5 13. Nxc5 dxc5 14. Qxd8+
Kxd8 15. Rfd1+ Ke8 16. Rab1 Nxe4 17. Bd2 Nxd2 18. Rxd2 Rd8 19. Rxd8+ Kxd8 20.
Nxe5 Bd5 21. Rd1 Rf8 22. Nxc6+ Kd7 23. Ne5+ Kd6 24. Nc4+ Kc6 25. Na5+ Kb5 26. b4
cxb4 27. Rxd5+ Ka4 28. Nb7 bxc3 29. Rd4+ Ka3 30. Rd1 Kb2 31. Nc5 c2 32. Nd3+
Kxa2 33. Nb4+ Kb2 34. Rd2 Kb1 35. Nxc2 a5 36. h3 a4 37. Na3+ Kc1 38. Rd4 Kb2 39.
Rxa4 Rc8 40. Nc4+ Kb3 41. Nb6 cxb6 42. Rg4 g6 43. Rg3+ Kb4 44. Rg4+ Kc5 45. Rg5+
Kc6 46. Re5 b5 47. Re6+ Kc5 48. Re1 b4 49. Rc1+ Kb5 50. Rxc8 Ka4 51. Rc1 Ka3 52.
Ra1+ Kb3 53. Rb1+ Kc4 54. Rc1+ Kb5 55. g4 b3 56. Rb1 Kb4 57. f3 Ka3 58. Kg2 b2
59. Kf2 Ka2 60. Rd1 b1=Q 61. Rxb1 Kxb1 62. h4 Kc2 63. f4 Kd3 64. h5 gxh5 65.
gxh5 Ke4 66. Kg3 Kf5 67. h6 Kg6 68. Kh4 Kxh6 69. f5 Kg7 70. Kg4 Kg8 71. Kg5 Kg7
72. f6+ Kg8 73. Kf5 Kf8 74. Ke6 h5 75. f7 h4 76. Kf6 h3 77. Kg5 h2 78. Kg4 h1=Q
79. Kf4 Qh7 80. Ke5 Qxf7 81. Kd6 Qf5 82. Kc6 Qe5 83. Kd7 Qf6 84. Kc7 Ke8 85. Kc8
Qe7 86. Kb8 Qd7 87. Ka8 Kd8 88. Kb8 Qc7+ 89. Ka8 Qa5+ 90. Kb8 Qc7+ 91. Ka8 Kd7 {Nulle par pat} 1/2-1/2

[Event "Champ FRA - Under 8"]
[Site "Europe Echecs"]
[Date "2020.07.06"]
[Round "7"]
[Time "16:47:40"]
[PlyCount "94"]
[White "BousmatAdam"]
[Black "RibreauAnna"]
[WhiteElo "799"]
[BlackElo "1280"]
[Mode "WEB"]
[Result "1-0"]

1. e4 c5 2. Nf3 Nc6 3. d4 cxd4 4. Nxd4 g6 5. Nxc6 bxc6 6. Nc3 Bg7 7. Bc4 d6 8.
Bg5 Nf6 9. O-O O-O 10. h3 Bb7 11. Qc1 d5 12. exd5 cxd5 13. Bb5 d4 14. Ne2 Bh8
15. Bh6 Bg7 16. a3 a6 17. Bc4 Rc8 18. b3 Qc7 19. Nxd4 Qb6 20. c3 Qc5 21. Be3 Qe5
22. Bxf7+ Rxf7 23. Nf3 Qd5 24. c4 Qd3 25. Rd1 Qxb3 26. Rd4 Ne8 27. Rb1 Qa4 28.
Rb6 Bxd4 29. Bxd4 Bxf3 30. Rb4 Bxg2 31. Rxa4 Bxh3 32. Kh2 Bf5 33. Rxa6 Nc7 34.
Rc6 Rff8 35. Be5 Ne6 36. Rxc8 Rxc8 37. a4 Ra8 38. Qa3 Rc8 39. a5 Rxc4 40. a6 Rc8
41. a7 Ra8 42. Qa6 Nc5 43. Qb6 Bc8 44. Qxc5 Kf7 45. Bd4 Bb7 46. Qc7 Bd5 47. Bc5 {RibreauAnna a abandonné} 1-0

[Event "Champ FRA - Under 8"]
[Site "Europe Echecs"]
[Date "2020.07.06"]
[Round "7"]
[Time "16:47:40"]
[PlyCount "22"]
[White "RichardAlexis"]
[Black "DruonCaspar"]
[WhiteElo "1250"]
[BlackElo "1040"]
[Mode "WEB"]
[Result "1-0"]

1. e4 c5 2. Bc4 Nc6 3. Qh5 e6 4. Qd1 Bd6 5. Nf3 Nf6 6. Nc3 O-O 7. O-O b6 8. d4
Bb7 9. e5 Bxe5 10. dxe5 Nxe5 11. Nxe5 {DruonCaspar a abandonné} 1-0